Dibujos y croquis en el sistema ortográfico
Saved in:
| Main Author: | |
|---|---|
| Format: | Book |
| Language: | Spanish |
| Published: |
Ciudad de México
McGraw Hill
1981
|
| Subjects: | |
| Tags: |
Add Tag
No Tags, Be the first to tag this record!
|
MARC
| LEADER | 00000nam a2200000 a 4500 | ||
|---|---|---|---|
| 001 | UCP5557 | ||
| 003 | CL-VaPUC | ||
| 008 | 990927e19810000MX |||||||||||||||||spa|d | ||
| 082 | 0 | 4 | |a 604.2 |b FRE |2 21 |
| 100 | 0 | |a French, Thomas E |e author |9 434058 | |
| 245 | 1 | 0 | |a Dibujos y croquis en el sistema ortográfico |
| 300 | |a 262 p | ||
| 942 | |c BK | ||
| 945 | |d 19990927 00:00:00 |a rbrito | ||
| 260 | |a Ciudad de México |b McGraw Hill |c 1981 | ||
| 650 | 0 | |a Dibujo en ingeniería |9 434059 | |
| 650 | 7 | |a PROYECCION ORTOGRAFICA |2 CL-VaPUC |9 434060 | |
| 650 | 0 | |a Fundición |9 268260 | |
| 583 | |a last modification |c 19990927 00:00:00 |k Rodrigo Vera | ||
| 999 | |c 283295 |d 283293 | ||